000 00458nam a2200205Ia 4500
008 210210b1963 xxu||||| |||| 00| 0 eng d
041 _aeng
082 _a829/176a
100 _aCONAN (Doyle)
245 _aTalels of terror and mystery
260 _aLondon
_bJohn Murray
_c1963
650 _aterror
650 _aTalels
650 _aof
650 _amystery
650 _aand
690 _aEnglish Fiction
700 _aARTHUR
906 _a016783
999 _c136471
_d136471